Probabilidad y estadísticas para ingenieros

Bibliographic Details
Main Author: Hines, William W.
Format: Section = Libro
Language:Undetermined
Spanish
Published: México CECSA 2005
Edition:3a.ed.
Subjects:
LEADER 00623nam a2200229Ia 4500
008 240829s9999 xx 000 0 und d
020 |a 970-24-0553-X 
040 |a BIBLIOTECA-RUSB/ 519 P962 
041 |a spa 
082 |a 519 P962 
100 1 |a Hines, William W. 
245 1 0 |a Probabilidad y estadísticas para ingenieros 
250 |a 3a.ed. 
260 |a México  |b CECSA  |c 2005 
300 |a 780 p. :il. 
650 7 |a PROBABILIDAD - ESTADISTICAS - INGENIERIA 
650 7 |b  VARIABLES ALEATORIAS 
650 7 |c  FUNCIONES - VARIABLE 
650 7 |d  SIMULACION - COMPUTADORA 
942 |c BK  |2 ddc 
991 |a TEXTO 
999 |c 1856